Microbial biotechnology (Registro nro. 165023)

Detalles MARC
000 -ENCABEZADO
Número de control [NR] 02660nam a22002417a 4500
008 - DE LONGITUD FIJA DE DATOS DE ELEMENTOS - INFORMACIÓN GENERAL
Elementos de longitud fija [NR] 130227s2012 enkd frn 001 0 eng
020 ## - NUMERO INTERNACIONAL NORMALIZADO PARA LIBROS [R]
Número Internacional Normalizado del libro [NR] 9781845939564
040 ## - FUENTE DE CATALOGACION [NR]
Agencia de catalogación original [NR] CO-BoUCM
Quien Cataloga
Idioma de catalogación [NR] spa
Quien Clasifica Aldemar Mondragón
060 ## - SIGNATURA TOPOGRAFICA DE LA BIBLIOTECA NACIONAL DE MEDICINA (NLM) [R]
Número clasificador [R] QT 34
041 ## - CODIGO DE IDIOMA [R]
Código de idioma para texto/pista de sonido o título separado [R] Inglés
245 00 - MENCION DE TITULO [NR]
Título [NR] Microbial biotechnology
Parte restante del título [NR] energy and environment
Mención de responsabilidad, etc. [NR] editor Rajesh Arora
260 ## - PUBLICACION, DISTRIBUCION, ETC. (PIE DE IMPRENTA) [R]
Lugar de publicación, distribución, etc. [R] Wallingford, Oxfordshire
Nombre del editor, distribuidor, etc. [R] CAB International
Fecha de publicación, distribución, etc. [R] 2012
300 ## - DESCRIPCION FISICA [R]
Extensión [R] xiv, 396 páginas
Dimensiones [R] gráficas
504 ## - NOTA DE BIBLIOGRAFIA, ETC. [R]
Nota de bibliografía, etc. [NR] Incluye referencias bibliográficas e índices
505 0# - NOTA DE CONTENIDO CON FORMATO PREESTABLECIDO [R]
Nota de contenido con formato preestablecido [NR] Emerging trends in microbial biotechnology : energy and environment / Rajesh Arora -- The microbiology of microbial electric systems / Sarah A. Hensley, Madeline Vargas, and Ashley E. Franks -- A comparative assessment of bioelectrochemical systems (BESs) and enzymatic fuel cells (EFCs) / Deepak Pant ... [et al.] -- Electrical energy from microorganisms / Sheela Berchmans -- Rumen microbial fuel cells / Chin-Tsan Wang, Che-Ming J. Yang, Yung-Chin Yang -- Systems microbiology approach to bioenergy / Qasim K. Beg and Ritu Sarin -- Alternative energy with an emphasis on integration of nanotechnology / Mrunalini V. Pattarkine -- Host engineering for biofuel tolerant phenotypes / Becky J. Rutherford and Aindrila Mukhopadhyay -- Microbial fuel cells : electricity generation from organic wastes by microbes / Kun Guo, Daniel J. Hassett and Tingyue Gu -- Integration of anaerobic digestion and oil accumulation-bioenergy production and pollutants removal / Mi Yan, Jianguo Zhang, Bo Hu -- Biohydrogen generation through solid phase anaerobic digestion from organic solid waste / S. Jayalakshmi -- Algae- a novel biomass feedstock for biofuels / Senthil Chinnasamy ... [et al.] -- Biofuel from microalgae : myth vs. reality / Jubilee Purkayastha, Hemanta Kumar Gogoi, and Lokendra Singh -- Biodegradation of petroleum hydrocarbons in contaminated soils / Aniefiok E. Ite and Kirk T. Semple -- Bioremediation of polycyclic aromatic hydrocarbons (PAHs) / Carl Johnston and G. Patricia Johnston -- The role of biological control in the creation of bioremediation technologies / Yana Topalova -- Bioremediation of high level, transuranic waste and fission products / Evans Chirwa -- Bioremediation of uranium / Mrunalini V. Pattarkine -- Going extreme for small solutions to big environmental challenges / Christopher (Kitt) E. Bagwell
650 ## - ASIENTO SECUNDARIO DE MATERIA - TERMINO TEMATICO [R]
Término temático o nombre geográfico como elemento de entrada [NR] Microbiología
9 (RLIN) 19480
650 #4 - ASIENTO SECUNDARIO DE MATERIA - TERMINO TEMATICO [R]
Término temático o nombre geográfico como elemento de entrada [NR] Biocombustibles
9 (RLIN) 10092
650 #4 - ASIENTO SECUNDARIO DE MATERIA - TERMINO TEMATICO [R]
Término temático o nombre geográfico como elemento de entrada [NR] Biofísica
9 (RLIN) 10107
650 #7 - ASIENTO SECUNDARIO DE MATERIA - TERMINO TEMATICO [R]
Término temático o nombre geográfico como elemento de entrada [NR] Biodegradación
9 (RLIN) 30423
650 #7 - ASIENTO SECUNDARIO DE MATERIA - TERMINO TEMATICO [R]
Término temático o nombre geográfico como elemento de entrada [NR] Energía biomásica
9 (RLIN) 14229
700 1# - ASIENTO SECUNDARIO - NOMBRE PERSONAL [R]
Nombre personal [NR] Arora, Rajesh
Término de relación [R] editor
9 (RLIN) 30425
942 ## - ELEMENTOS DE ENTRADA AGREGADOS (KOHA)
Tipo de ítem principal el descrito en 300a Libro
Edición 1
Parte restante de la signatura top. M626
Tema principal
Sistema de clasificación NLM
Clasificación QT 34
Título oculto en OPAC No
Existencias
Fecha de último préstamo Total préstamos Total Renewals Signatura topográfica Código de barras Última vez visto Ejemplar Price effective from Tipo de ítem Perdido Sistema de clasificación Dañado No prestable Tipo de ítem específico Suprimido Ubicación habitual Ubicación actual Localización Fecha de creación Forma de adquisición Costo
06/05/2017 2 3 QT 34 M626 200024476 11/12/2025 Ej.1 20/02/2013 Libro   NLM     Libro   Quinta de Mutis Quinta de Mutis 1er piso 20/02/2013 Compra 260000.00